| 000 | 01330 a2200301 4500 | ||
|---|---|---|---|
| 003 | OSt | ||
| 005 | 20180116192357.0 | ||
| 008 | 120606t xxu||||| |||| 00| 0 eng d | ||
| 010 | _a 2002037174 | ||
| 020 | _a0415302072 (alk. paper) | ||
| 020 | _a9780415302074 | ||
| 035 | _a(OCoLC)ocm51252002 | ||
| 040 | _c0 | ||
| 082 | 0 | 0 | _a720.9548 |
| 100 | 1 |
_aShokoohy, Mehrdad. _94088 |
|
| 245 | 1 | 0 |
_aMuslim architecture of South India : _bthe sultanate of Ma'bar and the traditions of the maritime settlers on the Malabar and Coromandel coasts (Tamil Nadu, Kerala and Goa) / _cMehrdad Shokoohy. |
| 260 |
_aLondon ; _aNew York : _bRoutledgeCurzon, _c2003. |
||
| 300 |
_a341 p. : _bill., maps ; _c31 cm. |
||
| 440 | 0 |
_aRoutledgeCurzon studies in South Asia _94089 |
|
| 650 | 1 | 0 |
_aArchitecture _zIndia _zMalabar Coast _xHistory _y14th century. _94090 |
| 650 | 1 | 0 |
_aArchitecture _zIndia _zCoromandel Coast _xHistory _y14th century. _94091 |
| 650 | 1 | 0 |
_aIslamic architecture _zIndia _zMalabar Coast. _94092 |
| 650 | 1 | 0 |
_aIslamic architecture _zIndia _zCoromandel Coast. _94093 |
| 650 | 1 | 0 |
_aMuslims _zIndia, South _xHistory. _94094 |
| 856 | 4 | 2 |
_3Publisher description _uhttp://www.loc.gov/catdir/enhancements/fy0701/2002037174-d.html |
| 942 |
_aSADA _cBK _k720.9558 SHO 2003 _2ddc |
||
| 999 |
_c353149 _d353149 |
||